| 000 | 00488nam a2200193Ia 4500 | ||
|---|---|---|---|
| 003 | GCL | ||
| 008 | 140319s9999 xx 000 0 eng d | ||
| 040 |
_aGCL / _cGCL |
||
| 082 | 0 | 4 |
_a709.2 _bP M |
| 100 | 1 | _aCONNER,PATRICK | |
| 245 | 1 | 0 |
_aMICHAEL ANGELO ROOKER 1746-1801 / _cCONNER,PATRICK |
| 260 |
_a[S.N] : _bB.T.BATSFORD LTD ، _c1984 |
||
| 300 | _a189 | ||
| 650 | 0 | 4 | _aARTS |
| 650 | 0 | 4 | _aPAINTERS |
| 650 | 0 | 4 | _aANGELO, MICHEL |
| 650 | 0 | 4 | _aPAINTERS - BIOGRAPHY |
| 942 |
_2ddc _cBK |
||
| 999 |
_c17571 _d17571 |
||